A carregar...
Concentric imagination : mandala literary theory
| Autor principal: | |
|---|---|
| Formato: | Printed Book |
| Idioma: | English |
| Publicado em: |
New Delhi :
B.R. Publishing Corporation ,
1994.
|
| LEADER | 00498nam a22001337a 4500 | ||
|---|---|---|---|
| 008 | 160210b xxu||||| |||| 00| 0 eng d | ||
| 082 | |a 801.95 SIN/C | ||
| 100 | |a Singh, Charu Sheel | ||
| 245 | |a Concentric imagination : |b mandala literary theory | ||
| 260 | |a New Delhi : |b B.R. Publishing Corporation , |c 1994. | ||
| 300 | |a 251p. | ||
| 942 | |c BK | ||
| 999 | |c 193093 |d 193093 | ||
| 952 | |0 0 |1 0 |4 0 |6 801_950000000000000_SIN_C |7 0 |9 213128 |a ENG |b ENG |c ST1 |d 2016-02-10 |i 15771 |l 0 |o 801.95 SIN/C |p ENG15771 |r 2016-02-10 |w 2016-02-10 |y BK | ||